Situación y perspectiva de los granos básicos en Centroamérica: lineamientos para la formulación de un programa de acción regional /
Situación de los granos básicos en Centroamerica de 1960 en adelante, analiza el carácter deficitario de los granos básicos en la decáda de los sesenta, su vulnerabilidad ante fenómenos como sequía, ciclones y otros. señala los objetivos generales para una política Centroamericana de abastecimiento...
Kaydedildi:
| Müşterek Yazar: | |
|---|---|
| Materyal Türü: | Metin |
| Dil: | Spanish |
| Baskı/Yayın Bilgisi: |
San José:
SIECA ;
1974
|
| Konular: | |
| Etiketler: |
Etiketle
Etiket eklenmemiş, İlk siz ekleyin!
|
MARC
| LEADER | 00000 a a2200000 04500 | ||
|---|---|---|---|
| 001 | 19731 | ||
| 003 | cru IIS | ||
| 005 | 20220104151020.0 | ||
| 008 | 220104b1974 gt ||||| |||| 00| 0 spa d | ||
| 020 | |a [sin ISBN] | ||
| 040 | |a Centro de Recursos para el Aprendizaje y la Investigación |b español |c cru IIS | ||
| 090 | |a 07.07.02 S571s | ||
| 110 | |a SIECA | ||
| 245 | |a Situación y perspectiva de los granos básicos en Centroamérica: |b lineamientos para la formulación de un programa de acción regional / |c SIECA | ||
| 260 | |a San José: |b SIECA ; |c 1974 | ||
| 300 | |a 74 p. | ||
| 500 | |a Colección Centroamérica | ||
| 520 | |a Situación de los granos básicos en Centroamerica de 1960 en adelante, analiza el carácter deficitario de los granos básicos en la decáda de los sesenta, su vulnerabilidad ante fenómenos como sequía, ciclones y otros. señala los objetivos generales para una política Centroamericana de abastecimiento de granos básicos./ALLV | ||
| 650 | |a ARROZ |0 TESAUROS | ||
| 650 | |a FRIJOLES |0 TESAUROS | ||
| 650 | |a MAIZ |0 TESAUROS | ||
| 650 | |a SORGO |0 TESAUROS | ||
| 852 | 1 | 1 | |a 07.07.02 S571s |
| 942 | |2 ddc |c LI |h 07.07.02 S571s |k 07.07.02 |m S571s |6 070702_S571S | ||
| 999 | |c 2751 |d 2751 | ||
